000
00320nam a22001217a 4500
999
_c
534085
_d
534085
040
_c
MSOHAIL
082
_a
891.4391
100
_a
Josh Malihabadi
_9
28213
245
_a
Rooh-e-adab wa saif-o-Sabu
_c
جوش ملیح آبادی
260
_a
Karachi
_b
Al Hilal Book Center
_c
c2009
300
_a
447p.;
942
_2
ddc
_c
BK